Online Public Access Catalog -OPAC

Acolour Atlas of Infectious Diseases (Record no. 2362)

MARC details
000 -LEADER
fixed length control field 00427nam a2200121Ia 4500
008 - FIXED-LENGTH DATA ELEMENTS--GENERAL INFORMATION
fixed length control field 180412s9999||||xx |||||||||||||| ||und||
020 ## - INTERNATIONAL STANDARD BOOK NUMBER
International Standard Book Number 723401861
040 ## - CATALOGING SOURCE
Original cataloging agency Ahmadu Bello University Library - Zaria
100 ## - MAIN ENTRY--PERSONAL NAME
Personal name Emond,R.T.D.
245 #0 - TITLE STATEMENT
Title Acolour Atlas of Infectious Diseases
Statement of responsibility, etc. by R.T.D.Emond
260 ## - PUBLICATION, DISTRIBUTION, ETC.
Place of publication, distribution, etc. London
Name of publisher, distributor, etc. Wolfe Medical Books
Date of publication, distribution, etc. 1974
300 ## - PHYSICAL DESCRIPTION
Extent 384p.: ill.; diagrs.; pictures and tables
500 ## - GENERAL NOTE
General note Includes bibliographical references & index

No items available.

Customized by ICT Technical Service Unit on 29th Dec 2022

Kashim Ibrahim Library